00590nam a2200169 a 450000500170000000800410001702000180005805000220007610000160009824500380011426000540015230000220020650000370022865000140026599900190027995201220029820140412111240.0010710s19uu xx 00 eng d a0-698-11438-8 aTR(PS EbAB1 1997 aGa'g, Wanda aABC bunny (The) /cby Wanda Ga'g. aNew York :bThe Putnam Berkley Group, Inc,c1961. a1v. (unp.) ; ill. aa John Newberry Medal Honor Book aAlphabets c102659d102659 00104050aELbELcTRd2001-07-10eDonationg181.00l0oTR(PS E AB1 1997pE2388r2014-04-12 00:00:00w2014-04-12yBK